000
00480nam a2200181Ia 4500
008
100917s9999 xx 000 0 und d
082
_b
64739
100
_a
कर्णिक मधुमंगेश
245
_a
मांडव
260
_b
विश्वसाहित्य प्रकाशन
_c
1960
300
_a
121
365
_b
4
520
_a
कथा
630
_a
मांडव
650
_a
कथा
730
_a
मांडव
942
_c
BOOK
999
_c
670133
_d
670130